| 000 | 00869nam a2200229 a 4500 | ||
|---|---|---|---|
| 001 | 37814 | ||
| 003 | BD-RjUL | ||
| 005 | 20211209052647.0 | ||
| 008 | 161026s1981 bg a|||| |||| 00| 0 ben d | ||
| 035 | _a(BD-RjUL)37919 | ||
| 040 |
_aBD-RjUL _bben _cBD-RjUL |
||
| 041 | _aben | ||
| 082 |
_a519.5 _bAHA 1981 |
||
| 100 |
_aআহমেদ, মোজহার উদ্দিন _9117153 |
||
| 245 | 1 | 0 |
_aআধুনিক পরিসংখ্যান / _cমোজহার উদ্দিন আহমেদ |
| 250 | _a১ম সং. | ||
| 260 |
_aঢাকা : _bমল্লিক ব্রাদার্স, _c১৯৮১. |
||
| 300 |
_a৫৪০, ১-১৫৬ পৃ. : _bচিত্র ; _c২১ সেমি. |
||
| 650 |
_aগাণিতিক পরিসংখ্যান _9117077 |
||
| 650 |
_aMathematical Statistics _9117154 |
||
| 942 |
_2ddc _cBK _08 |
||
| 999 |
_c37814 _d37814 |
||